000 00402nam a22001457a 4500
020 _qPB.
040 _cFIZZA ISHAQ
082 _a620.112
_bNAS
100 _aNash , William A.
_940864
245 _aSchaum's Outline of Strength of Materials /
_c William A. Nash.
250 _a4TH ED.
260 _aNew York:
_bMcGraw-Hill,
_c2010.
300 _a432 P. ;
_c 8.2 x 0.73 x 10.8 inches
942 _2ddc
_cBK
999 _c616506
_d616506